000 00564nam a2200205 a 4500
001 13796
003 CO-ViMGA
008 141112s2004 ck r 000 u spa d
020 _a0380699567
040 _aCO-ViMGA
_bspa
_cCO-ViMGA
082 0 4 _a923.17291 C177c
100 1 _aSzulc, Tad
_920072
245 1 0 _aAcritical portrait Fidel
260 _aNueva York :
_bAvon Book,
_c1987
300 _a785
590 _aForma de adquisición : Donacion Corpes
650 1 4 _aCASTRO, FIDEL, 1927
_920073
650 1 4 _aCUBA - Política Y GOBIERNO
_913623
942 _2ddc
_cBK
999 _c24505
_d24505